All Snarky Puppy Songs - Statistics

General Stats
  • This quiz has been taken 9 times
  • The average score is 49 of 130
Answer Stats
Album Track # Song % Correct
We Like it Here 4 Jambone
100%
We Like it Here 8 Lingus
100%
We Like it Here 1 Shofukan
100%
Live at the Royal Albert Hall 11 Shofukan
100%
We Like it Here 3 Sleeper
100%
Live at the Royal Albert Hall 10 Sleeper
100%
We Like it Here 5 Kite
88%
We Like it Here 6 Outlier
88%
Sylva with Metropole Orkest 6 The Clearing
88%
We Like it Here 7 Tio Macaco
88%
Empire Central 3 Bet
75%
Empire Central 8 RL's
75%
Sylva with Metropole Orkest 4 The Curtain
75%
GroundUP 1 Thing of Gold
75%
We Like it Here 2 What About Me?
75%
Sylva with Metropole Orkest 5 Gretel
63%
Empire Central 13 Pineapple
63%
Empire Central 5 Take It!
63%
Culcha Vulcha 1 Tarova
63%
Live at the Royal Albert Hall 7 Tarova
63%
Empire Central 16 Trinity
63%
Immigrance 5 Xavi
63%
Live at the Royal Albert Hall 8 Xavi
63%
Sylva with Metropole Orkest 3 Atchafalaya
50%
Immigrance 7 Bad Kids to the Back
50%
Live at the Royal Albert Hall 5 Bad Kids to the Back
50%
GroundUP 2 Bent Nails
50%
GroundUP 4 Binky
50%
Immigrance 1 Chonks
50%
Live at the Royal Albert Hall 9 Chonks
50%
Empire Central 15 Coney Bear
50%
Family Dinner – Volume 2 6 Don't You Know (featuring Jacob Collier & Big Ed Lee)
50%
Empire Central 2 East Bay
50%
Sylva with Metropole Orkest 2 Flight
50%
Culcha Vulcha 3 Gemini
50%
Culcha Vulcha 6
50%
Culcha Vulcha 4 Grown Folks
50%
The World is Getting Smaller 2 Intelligent Design
50%
Live at the Royal Albert Hall 2 Intelligent Design
50%
Empire Central 1 Keep It On Your Mind
50%
Empire Central 9 Mean Green
50%
Culcha Vulcha 2 Semente
50%
Sylva with Metropole Orkest 1 Sintra
50%
Tell Your Friends 1 Whitecap
50%
GroundUP 7 Young Stuff
50%
The World is Getting Smaller 3 Alma
38%
Live at the Royal Albert Hall 4 Alma
38%
Amkeni with Bukuru Celestin 4 Amkeni
38%
Family Dinner – Volume 1 4 Amour T'es Là (with Magda Giannikou)
38%
Tell Your Friends 7 Anonymous
38%
Culcha Vulcha 5 Beep Box
38%
Empire Central 12 Belmont
38%
Culcha Vulcha 9 Big Ugly
38%
Bring Us the Bright 1 Bring Us the Bright
38%
Empire Central 7 Broken Arrow
38%
Bring Us the Bright 6 Celebrity
38%
Empire Central 4 Cliroy
38%
Immigrance 8 Even Us
38%
Live at the Royal Albert Hall 1 Even Us
38%
Tell Your Friends 2 Flood
38%
Empire Central 14 Honiara
38%
The Only Constant 2 Hot and Bothered
38%
Culcha Vulcha 10 Jefe
38%
GroundUP 6 Like a Light
38%
Bring Us the Bright 2 Loose Screws
38%
Bring Us the Bright 7 Making the Circle
38%
GroundUP 3 Minjor
38%
The World is Getting Smaller 1 Native Sons
38%
Culcha Vulcha 8 Palermo
38%
The World is Getting Smaller 7 Phoebus
38%
Empire Central 6 Portal
38%
The Only Constant 3 Precipice
38%
GroundUP 8 Quarter Master
38%
Tell Your Friends 5 Slow Demon
38%
Bring Us the Bright 3 Strawman
38%
Tell Your Friends 8 The Little People
38%
The World is Getting Smaller 5 The World is Getting Smaller
38%
The World is Getting Smaller 4 Thorn
38%
Bring Us the Bright 4 34 Klezma
25%
Bring Us the Bright 8 And Soon We'll Be One
25%
Immigrance 2 Bigly Strictness
25%
Live at the Royal Albert Hall 6 Bigly Strictness
25%
Immigrance 4 Bling Bling
25%
The World is Getting Smaller 6 Briar
25%
Immigrance 3 Coven
25%
The World is Getting Smaller 8 Fair Play
25%
Empire Central 11 Free Fall
25%
Empire Central 10 Fuel City
25%
Family Dinner – Volume 2 1 I Asked (featuring Becca Stevens & Väsen)
25%
Family Dinner – Volume 2 7 I Remember (featuring Knower & Jeff Coffin)
25%
GroundUP 5 Mr. Montauk
25%
The Only Constant 5 Oblongata
25%
The Only Constant 1 Open Forum
25%
Tell Your Friends 6 Ready Wednesday
25%
The Only Constant 4 Revisited
25%
Family Dinner – Volume 2 5 Sing to the Moon (featuring Laura Mvula & Michelle Willis)
25%
Tell Your Friends 4 Skate U
25%
Family Dinner – Volume 1 5 Something (with Lalah Hathaway)
25%
Bring Us the Bright 5 Strange Dream
25%
Tell Your Friends 3 The Good Man Deliver and the Best Is Blessed
25%
Culcha Vulcha 7 The Simple Life
25%
Immigrance 6 While We're Young
25%
Live at the Royal Albert Hall 3 While We're Young
25%
Family Dinner – Volume 2 9 Be Still (featuring Becca Stevens & Väsen)
13%
Family Dinner – Volume 1 3 Deep (with N'Dambi)
13%
Family Dinner – Volume 2 10 Fuego y Agua (featuring Susana Baca)
13%
Family Dinner – Volume 1 2 Gone Under (with Shayna Steele)
13%
Family Dinner – Volume 1 8 I'm Not the One (with Malika Tirolien)
13%
Family Dinner – Volume 2 3 Liquid Love (featuring Chris Turner)
13%
Family Dinner – Volume 2 2 Molino Molero (featuring Susana Baca & Charlie Hunter)
13%
Family Dinner – Volume 2 4 Soro (Afriki) (featuring Salif Keita, Carlos Malta & Bernardo Aguiar)
13%
Family Dinner – Volume 1 6 Too Hot to Last (with Lucy Woodward)
13%
Family Dinner – Volume 1 10 Ase Me Na Bo (with Magda Giannikou)
0%
Family Dinner – Volume 1 11 Black Sheep (with Tony Scherr)
0%
Family Dinner – Volume 2 13 Brother, I'm Hungry (featuring Nigel Hall & NOLA International)
0%
Family Dinner – Volume 1 9 Da Da N'Da (with Chantae Cann)
0%
Family Dinner – Volume 1 1 Free Your Dreams (with Chantae Cann)
0%
Family Dinner – Volume 1 12 He Got Away (with Lucy Woodward)
0%
Family Dinner – Volume 1 15 I'll Do Me (with Jayna Brown)
0%
Amkeni with Bukuru Celestin 6 Muzogezahe
0%
Amkeni with Bukuru Celestin 1 Ndagukunda
0%
Amkeni with Bukuru Celestin 5 Ntumbero
0%
Amkeni with Bukuru Celestin 3 Nyabugingo
0%
Family Dinner – Volume 2 12 One Hope (featuring Knower)
0%
Family Dinner – Volume 1 14 Only Love (with Judi Jackson)
0%
Family Dinner – Volume 1 13 Sew (with Malika Tirolien)
0%
Family Dinner – Volume 2 11 Shapons Vindaloo (featuring Väsen)
0%
Amkeni with Bukuru Celestin 2 Shima
0%
Family Dinner – Volume 2 8 Somebody Home (featuring David Crosby)
0%
Family Dinner – Volume 1 7 Turned Away (with Tony Scherr)
0%
No matching quizzes found
Score Distribution
Percent of People with Each Score
Percentile by Number Answered
Your Score History
You have not taken this quiz